A Biology of Crustacea (Record no. 589030)

MARC details
000 -LEADER
fixed length control field 00371nam a2200145Ia 4500
008 - FIXED-LENGTH DATA ELEMENTS--GENERAL INFORMATION
fixed length control field 100415s9999 xx 000 0 und d
082 ## - DEWEY DECIMAL CLASSIFICATION NUMBER
Item number 6060
Classification number 595.3
100 ## - MAIN ENTRY--PERSONAL NAME
Personal name Green J
245 ## - TITLE STATEMENT
Title A Biology of Crustacea
260 ## - PUBLICATION, DISTRIBUTION, ETC. (IMPRINT)
Place of publication, distribution, etc LONDON
Date of publication, distribution, etc 1961
Name of publisher, distributor, etc HF AND G WITHERBY LTD
365 ## - TRADE PRICE
Price amount 0
630 ## - SUBJECT ADDED ENTRY--UNIFORM TITLE
Uniform title A Biology of Crustacea
730 ## - ADDED ENTRY--UNIFORM TITLE
Uniform title A Biology of Crustacea
942 ## - ADDED ENTRY ELEMENTS (KOHA)
Koha item type Book
Holdings
Withdrawn status Lost status Damaged status Not for loan Home library Current library Date acquired Cost, normal purchase price Total Checkouts Full call number Barcode Date last seen Price effective from Koha item type
        Bombay Natural History Society Bombay Natural History Society 11/26/1997 0.00   595.3 6060 BNHS-6060 04/15/2010 04/15/2010 Book